000
00223nam a22000857a 4500
008
160922b xxu||||| |||| 00| 0 eng d
100
_9
717
_a
Wason.V.
245
_a
Accountancy-XII
260
_a
New Delhi
_b
S. Chand Publications
_c
2012
999
_c
3374
_d
3374